Switch Mantra/ (Record no. 211831)

MARC details
000 -LEADER
fixed length control field 00719nam a2200217 4500
005 - DATE AND TIME OF LATEST TRANSACTION
control field 20250616152706.0
010 ## - LCCN (DPL NO)
LC control number ENG-145363
020 ## - INTERNATIONAL STANDARD BOOK NUMBER
International Standard Book Number 9789356681217
Terms of availability 249.00
035 ## - SYSTEM CONTROL NUMBER
System control number EN-128895
037 ## - SOURCE OF ACQUISITION
Source of stock number/acquisition DBAD
082 ## - DEWEY DECIMAL CLASSIFICATION NUMBER
Classification number 220.21
Edition number 1
100 ## - MAIN ENTRY--PERSONAL NAME
Personal name Sharma, Vivek
245 ## - TITLE STATEMENT
Title Switch Mantra/
Statement of responsibility, etc Vivek Sharma; Rajni Mahajan [and] Hetal Pandya
250 ## - EDITION STATEMENT
Edition statement 1
260 ## - PUBLICATION, DISTRIBUTION, ETC. (IMPRINT)
Name of publisher, distributor, etc Bluerose Publishers
Date of publication, distribution, etc 2023
Place of publication, distribution, etc Uttar Pradesh
270 ## - ADDRESS
Electronic mail address www.bluerosepublishers.com
Address 3rd Floor, Plot No, 1, F Block, Sector 6, Noida,
City Uttar Pradesh
Postal code 201301
300 ## - PHYSICAL DESCRIPTION
Extent 160p.
Dimensions 21cm(pb)
700 ## - ADDED ENTRY--PERSONAL NAME
Personal name Mahajan, Rajni
Relator term Author
9 (RLIN) 82068
700 ## - ADDED ENTRY--PERSONAL NAME
Personal name Pandya, Hetal
Relator term Author
9 (RLIN) 82069
942 ## - ADDED ENTRY ELEMENTS (KOHA)
Source of classification or shelving scheme Dewey Decimal Classification
Item type English Books
Classification part 220.21
Call number suffix SHA
Edition 1
Holdings
Withdrawn status Lost status Not for loan Collection code Home library Current library Date acquired Source of acquisition Cost, normal purchase price Full call number Barcode Copy number Cost, replacement price Koha item type
      Non-fiction Mobile Library Mobile Library 16/06/2025 Delivery of Books Act Division 249.00 220.21 SHA EN-128895 1 249.00 English Books

© Delhi Public Library
Hit Counter
free hit counter